MotoGP - Statistiques

Statistiques générales
  • Ce quiz a été pris 243 fois
  • Le résultat moyen est 41 sur 78
Statistiques - réponses
Catégories Pilotes Ecuries % Correct
MotoGP Marc Marquez Gresini Racing MotoGP
98%
MotoGP Alex Marquez Gresini Racing MotoGP
96%
MotoGP Francesco Bagnaia Ducati Lenovo Team
95%
MotoGP Fabio Quartararo Monster Energy Yamaha MotoGP
94%
MotoGP Johann Zarco LCR Honda
94%
MotoGP Enea Bastianini Ducati Lenovo Team
92%
MotoGP Jorge Martin Prima Pramac Racing
91%
MotoGP Pedro Acosta Red Bull GASGAS Tech3
91%
MotoGP Aleix Espargaro Aprilia Racing
88%
MotoGP Brad Binder Red Bull KTM Factory Racing
88%
Moto2 Darryn Binder Liqui Moly Husqvarna Intact GP
87%
MotoGP Franco Morbidelli Prima Pramac Racing
87%
MotoGP Maverick Vinales Aprilia Racing
87%
MotoGP Alex Rins Monster Energy Yamaha MotoGP
86%
MotoGP Joan Mir Repsol Honda Team
86%
MotoGP Jack Miller Red Bull KTM Factory Racing
85%
MotoGP Augusto Fernandez Red Bull GASGAS Tech3
84%
MotoGP Luca Marini Repsol Honda Team
84%
MotoGP Raul Fernandez Trackhouse Racing
84%
Moto3 Adrian Fernandez Leopard Racing
83%
MotoGP Marco Bezzecchi Pertamina Enduro VR46 Racing Team
83%
MotoGP Takaaki Nakagami LCR Honda
83%
MotoGP Fabio Di Giannantonio Pertamina Enduro VR46 Racing Team
79%
MotoGP Miguel Oliveira Trackhouse Racing
78%
Moto2 Ai Ogura MT Helmets - MSI
60%
Moto2 Fermin Aldeguer SpeedUp Racing
60%
Moto3 David Alonso CFMOTO Aspar Team
59%
Moto2 Aron Canet Fantic Racing
58%
Moto2 Tony Arbolino ELF Marc VDS Racing Team
56%
Moto2 Joe Roberts OnlyFans American Racing Team
54%
Moto2 Alonso Lopez SpeedUp Racing
52%
Moto3 Riccardo Rossi CIP Green Power
49%
Moto2 Sergio Garcia MT Helmets - MSI
49%
Moto3 Daniel Holgado Red Bull GASGAS Tech3
48%
Moto2 Jake Dixon CFMOTO Aspar Team
47%
Moto2 Somkiat Chantra IDEMITSU Honda Team Asia
47%
Moto2 Deniz Oncu Red Bull KTM Ajo
46%
Moto2 Celestino Vietti Red Bull KTM Ajo
45%
Moto2 Dennis Foggia Italtrans Racing Team
44%
Moto2 Jaume Masia Pertamina Mandalika GAS UP Team
43%
Moto2 Filip Salac ELF Marc VDS Racing Team
42%
Moto2 Izan Guevara CFMOTO Aspar Team
41%
Moto2 Manuel Gonzalez QJMOTOR Gresini Moto2
41%
Moto3 Tatsuki Suzuki Liqui Moly Husqvarna Intact GP
41%
Moto2 Ayumu Sasaki Yamaha VR46 Master Camp Team
40%
Moto3 Angel Piqueras Leopard Racing
39%
Moto2 Barry Baltus RW Racing GP
39%
Moto2 Diogo Moreira Italtrans Racing Team
38%
Moto3 Ivan Ortola MT Helmets MSI
38%
Moto3 David Munoz BOE Motorsports
37%
Moto3 Jose Antonio Rueda Red Bull KTM Ajo
37%
Moto3 Collin Veijer Liqui Moly Husqvarna Intact GP
36%
Moto3 Joel Kelso BOE Motorsports
34%
Moto2 Albert Arenas QJMOTOR Gresini Moto2
33%
Moto2 Marcos Ramirez OnlyFans American Racing Team
33%
Moto3 Ryusei Yamanaka MT Helmets MSI
32%
Moto2 Mario Suryo Aji IDEMITSU Honda Team Asia
31%
Moto3 Joel Esteban CFMOTO Aspar Team
30%
Moto3 Luca Lunetta SIC58 Squadra Corse
30%
Moto3 Stefano Nepa MTA Team
30%
Moto3 Taiyo Furusato Honda Team Asia
29%
Moto3 Jacob Roulstone Red Bull GASGAS Tech3
28%
Moto3 Matteo Bertelle Rivacold Snipers Team
27%
Moto3 Scott Ogden MLav Racing
27%
Moto2 Senna Agius Liqui Moly Husqvarna Intact GP
27%
Moto3 Filippo Farioli SIC58 Squadra Corse
26%
Moto2 Xavier Artigas Forward Team
26%
Moto3 David Almansa Rivacold Snipers Team
24%
Moto2 Zonta Van Den Goorbergh RW Racing GP
24%
Moto2 Alex Escrig Forward Team
23%
Moto2 Jeremy Alcoba Yamaha VR46 Master Camp Team
23%
Moto3 Nicola Carraro MTA Team
23%
Moto2 Bo Bendsneyder Pertamina Mandalika GAS UP Team
22%
Moto3 Noah Dettwiler CIP Green Power
22%
Moto3 Joshua Whatley MLav Racing
21%
Moto3 Tatchakorn Buasri Honda Team Asia
19%
Moto2 Xavi Cardelus Fantic Racing
19%
Moto3 Vicente Perez Red Bull KTM Ajo
13%
Aucun quiz correspondant
Distribution des résultats
% des personnes avec chaque résultat
Percentile par nombre de réponses
Votre historique - résultats
Vous n’avez pas pris ce quiz